00558 2200217 4500001002100000005001500021035002000036008004100056082001100097090001400108245005200122260003500174084001700209100001200226250001100238300002800249650001700277990001400294990001600308990001600324INLIS00000000000328720260312072738 a0010-0722003287260312 | | ind  a615.88 aSoe k c.11 aKhasiat umbi-umbian untuk pengobatan /cSoewito aJakarta :bTitik Terang,c1997 a615.88 SOE k0 aSoewito aCet. 1 a93 hlm :bilus ;c21 cm 4aTanaman Obat a5277/2024 a5277.2/2024 a5277.3/2024